000 00364pab a2200157 454500
008 180718b2014 xxu||||| |||| 00| 0 eng d
100 _aSanyal, Subhashree
245 _aBharat Nirman - the journey so far
260 _c2014
300 _ap.40-41.
362 _aMar
650 _aRural development
773 _aKurukshetra
908 _aN
909 _a103694
999 _c103690
_d103690